Breaking the rules in publication design

Bibliographic Details
Format: Book
Published: Madison Square Press , 2001
Subjects:

MARC

LEADER 00000cam a2200000 7i4500
001 0000010164
005 20050503.0
020 |a 0942604830 
040 |a INS 
090 0 0 |a Z246   |b B735 2001 
245 1 0 |a Breaking the rules in publication design 
260 |a Madison Square Press ,   |c 2001 
300 |a 178p ;   |c 309x233mm. 
650 0 0 |a Commercial art   |x Catalogs   |x Design   |a Periodicals   |x Corporatian report 
999 |a 0000009221   |b BOOK   |c Open Shelf   |e Default branch